Educational Research and Development Trends, Issues and Challenges

Salvato in:
Dettagli Bibliografici
Natura: Libro
Lingua:inglese
Pubblicazione: Paris OECD 1995
Edizione:1. ed.
Soggetti:
Tags: Aggiungi Tag
Nessun Tag, puoi essere il primo ad aggiungerne!!

MARC

LEADER 00000nam a2200000 4500
001 c013061
005 20221205132914.2
020 |a 92-64-14553-2 
041 0 |a eng 
044 |a FR 
245 1 0 |a Educational Research and Development  |b Trends, Issues and Challenges 
250 |a 1. ed. 
264 1 |a Paris  |b OECD  |c 1995 
300 |a 180 s. 
610 2 0 |a vzdelávanie 
610 2 0 |a výskum 
610 2 0 |a politika školská 
610 2 0 |a kvalifikácia 
610 2 0 |a pracovníci kvalifikovaní 
610 2 0 |a OECD 
610 2 0 |a porovnanie medzinárodné